<?xml version="1.0" encoding="UTF-8"?>
<record
    xmlns:xsi="http://www.w3.org/2001/XMLSchema-instance"
    xsi:schemaLocation="http://www.loc.gov/MARC21/slim http://www.loc.gov/standards/marcxml/schema/MARC21slim.xsd"
    xmlns="http://www.loc.gov/MARC21/slim">

  <leader>03791    a2200325   4500</leader>
  <controlfield tag="003">NALT</controlfield>
  <controlfield tag="005">20251105160228.0</controlfield>
  <controlfield tag="008">220707b        th ||||| |||| 00| 0 tha d</controlfield>
  <datafield tag="020" ind1=" " ind2=" ">
    <subfield code="a">9789740217381</subfield>
  </datafield>
  <datafield tag="040" ind1=" " ind2=" ">
    <subfield code="a">NALT</subfield>
  </datafield>
  <datafield tag="041" ind1="1" ind2=" ">
    <subfield code="a">tha</subfield>
    <subfield code="h">eng</subfield>
  </datafield>
  <datafield tag="050" ind1=" " ind2=" ">
    <subfield code="a">DS 570.C5</subfield>
    <subfield code="b">&#xE2A;125&#xE2A; 2564</subfield>
  </datafield>
  <datafield tag="100" ind1="1" ind2=" ">
    <subfield code="a">&#xE2A;&#xE01;&#xE34;&#xE19;&#xE40;&#xE19;&#xE2D;&#xE23;&#xE4C;, &#xE08;&#xE35;. &#xE27;&#xE34;&#xE25;&#xE40;&#xE25;&#xE35;&#xE22;&#xE21;</subfield>
    <subfield code="9">58544</subfield>
  </datafield>
  <datafield tag="245" ind1="1" ind2="0">
    <subfield code="a">&#xE2A;&#xE31;&#xE07;&#xE04;&#xE21;&#xE08;&#xE35;&#xE19;&#xE43;&#xE19;&#xE1B;&#xE23;&#xE30;&#xE40;&#xE17;&#xE28;&#xE44;&#xE17;&#xE22; : &#xE1B;&#xE23;&#xE30;&#xE27;&#xE31;&#xE15;&#xE34;&#xE28;&#xE32;&#xE2A;&#xE15;&#xE23;&#xE4C;&#xE40;&#xE0A;&#xE34;&#xE07;&#xE27;&#xE34;&#xE40;&#xE04;&#xE23;&#xE32;&#xE30;&#xE2B;&#xE4C; = </subfield>
    <subfield code="b">Chinese society in Thailand : an analytical history /</subfield>
    <subfield code="c">G. William Skinner ; &#xE1C;&#xE39;&#xE49;&#xE41;&#xE1B;&#xE25; &#xE1E;&#xE23;&#xE23;&#xE13;&#xE35; &#xE09;&#xE31;&#xE15;&#xE23;&#xE1E;&#xE25;&#xE23;&#xE31;&#xE01;&#xE29;&#xE4C; ... [&#xE41;&#xE25;&#xE30;&#xE04;&#xE19;&#xE2D;&#xE37;&#xE48;&#xE19; &#xE46;] ; &#xE1A;&#xE23;&#xE23;&#xE13;&#xE32;&#xE18;&#xE34;&#xE01;&#xE32;&#xE23; &#xE0A;&#xE32;&#xE0D;&#xE27;&#xE34;&#xE17;&#xE22;&#xE4C; &#xE40;&#xE01;&#xE29;&#xE15;&#xE23;&#xE28;&#xE34;&#xE23;&#xE34;.</subfield>
  </datafield>
  <datafield tag="246" ind1="3" ind2="1">
    <subfield code="a">Chinese society in Thailand : an analytical history.</subfield>
  </datafield>
  <datafield tag="250" ind1=" " ind2=" ">
    <subfield code="a">&#xE1E;&#xE34;&#xE21;&#xE1E;&#xE4C;&#xE04;&#xE23;&#xE31;&#xE49;&#xE07;&#xE17;&#xE35;&#xE48; 3 (&#xE09;&#xE1A;&#xE31;&#xE1A;&#xE1B;&#xE23;&#xE31;&#xE1A;&#xE1B;&#xE23;&#xE38;&#xE07;&#xE43;&#xE2B;&#xE21;&#xE48;)</subfield>
  </datafield>
  <datafield tag="260" ind1=" " ind2=" ">
    <subfield code="a">&#xE01;&#xE23;&#xE38;&#xE07;&#xE40;&#xE17;&#xE1E;&#xE2F; :</subfield>
    <subfield code="b">&#xE21;&#xE15;&#xE34;&#xE0A;&#xE19;,</subfield>
    <subfield code="c">2564.</subfield>
  </datafield>
  <datafield tag="300" ind1=" " ind2=" ">
    <subfield code="a">601 &#xE2B;&#xE19;&#xE49;&#xE32; :</subfield>
    <subfield code="b">&#xE20;&#xE32;&#xE1E;&#xE1B;&#xE23;&#xE30;&#xE01;&#xE2D;&#xE1A;, &#xE15;&#xE32;&#xE23;&#xE32;&#xE07; ;</subfield>
    <subfield code="c">24 &#xE0B;&#xE21;.</subfield>
  </datafield>
  <datafield tag="505" ind1="0" ind2=" ">
    <subfield code="a">&#xE1A;&#xE17;&#xE19;&#xE33;&#xE1C;&#xE39;&#xE49;&#xE41;&#xE15;&#xE48;&#xE07; -- &#xE1A;&#xE17;&#xE17;&#xE35;&#xE48; 1 &#xE28;&#xE15;&#xE27;&#xE23;&#xE23;&#xE29;&#xE15;&#xE49;&#xE19; &#xE46; : &#xE0A;&#xE32;&#xE27;&#xE08;&#xE35;&#xE19;&#xE43;&#xE19;&#xE2A;&#xE22;&#xE32;&#xE21;&#xE42;&#xE1A;&#xE23;&#xE32;&#xE13; -- &#xE1A;&#xE17;&#xE17;&#xE35;&#xE48; 2 &#xE01;&#xE32;&#xE23;&#xE40;&#xE1B;&#xE34;&#xE14;&#xE1B;&#xE23;&#xE30;&#xE15;&#xE39;&#xE41;&#xE25;&#xE30;&#xE40;&#xE1B;&#xE34;&#xE14;&#xE42;&#xE2D;&#xE01;&#xE32;&#xE2A; : &#xE01;&#xE32;&#xE23;&#xE2D;&#xE1E;&#xE22;&#xE1E;&#xE02;&#xE2D;&#xE07;&#xE0A;&#xE32;&#xE27;&#xE08;&#xE35;&#xE19;&#xE41;&#xE25;&#xE30;&#xE01;&#xE32;&#xE23;&#xE40;&#xE1E;&#xE34;&#xE48;&#xE21;&#xE02;&#xE36;&#xE49;&#xE19;&#xE02;&#xE2D;&#xE07;&#xE1E;&#xE25;&#xE40;&#xE21;&#xE37;&#xE2D;&#xE07; &#xE16;&#xE36;&#xE07; &#xE04;.&#xE28;. 1917 (&#xE1E;.&#xE28;. 2460) -- &#xE1A;&#xE17;&#xE17;&#xE35;&#xE48; 3 &#xE01;&#xE32;&#xE23;&#xE04;&#xE23;&#xE2D;&#xE07;&#xE0A;&#xE35;&#xE1E;&#xE43;&#xE19;&#xE14;&#xE34;&#xE19;&#xE41;&#xE14;&#xE19;&#xE43;&#xE2B;&#xE21;&#xE48; : &#xE10;&#xE32;&#xE19;&#xE30;&#xE02;&#xE2D;&#xE07;&#xE0A;&#xE32;&#xE27;&#xE08;&#xE35;&#xE19;&#xE15;&#xE48;&#xE2D;&#xE40;&#xE28;&#xE23;&#xE29;&#xE10;&#xE01;&#xE34;&#xE08;&#xE44;&#xE17;&#xE22;&#xE15;&#xE25;&#xE2D;&#xE14;&#xE2A;&#xE21;&#xE31;&#xE22;&#xE23;&#xE31;&#xE0A;&#xE01;&#xE32;&#xE25;&#xE17;&#xE35;&#xE48; 5 -- &#xE1A;&#xE17;&#xE17;&#xE35;&#xE48; 4 &#xE23;&#xE39;&#xE1B;&#xE41;&#xE1A;&#xE1A;&#xE02;&#xE2D;&#xE07;&#xE04;&#xE27;&#xE32;&#xE21;&#xE44;&#xE21;&#xE48;&#xE21;&#xE35;&#xE40;&#xE2A;&#xE16;&#xE35;&#xE22;&#xE23;&#xE20;&#xE32;&#xE1E; : &#xE2A;&#xE31;&#xE07;&#xE04;&#xE21;&#xE08;&#xE35;&#xE19;&#xE43;&#xE19;&#xE2A;&#xE22;&#xE32;&#xE21;&#xE15;&#xE31;&#xE49;&#xE07;&#xE41;&#xE15;&#xE48;&#xE2A;&#xE21;&#xE31;&#xE22;&#xE23;&#xE31;&#xE0A;&#xE01;&#xE32;&#xE25;&#xE17;&#xE35;&#xE48; 3-5 -- &#xE1A;&#xE17;&#xE17;&#xE35;&#xE48; 5 &#xE40;&#xE02;&#xE49;&#xE32;&#xE22;&#xE38;&#xE04;&#xE43;&#xE2B;&#xE21;&#xE48; : &#xE2B;&#xE31;&#xE27;&#xE40;&#xE25;&#xE35;&#xE49;&#xE22;&#xE27;&#xE2B;&#xE31;&#xE27;&#xE15;&#xE48;&#xE2D;&#xE2A;&#xE39;&#xE48;&#xE25;&#xE31;&#xE17;&#xE18;&#xE34;&#xE0A;&#xE32;&#xE15;&#xE34;&#xE19;&#xE34;&#xE22;&#xE21;&#xE01;&#xE31;&#xE1A;&#xE2A;&#xE32;&#xE21;&#xE31;&#xE04;&#xE04;&#xE35; -- &#xE1A;&#xE17;&#xE17;&#xE35;&#xE48; 6 &#xE01;&#xE32;&#xE23;&#xE17;&#xE30;&#xE25;&#xE31;&#xE01;&#xE40;&#xE02;&#xE49;&#xE32;&#xE41;&#xE25;&#xE30;&#xE44;&#xE2B;&#xE25;&#xE2D;&#xE2D;&#xE01; : &#xE41;&#xE19;&#xE27;&#xE42;&#xE19;&#xE49;&#xE21;&#xE1B;&#xE23;&#xE30;&#xE0A;&#xE32;&#xE01;&#xE23;&#xE1B;&#xE35; &#xE04;.&#xE28;. 1918-1955 (&#xE1E;.&#xE28;. 2461-2498) -- &#xE1A;&#xE17;&#xE17;&#xE35;&#xE48; 7 &#xE1C;&#xE25;&#xE1B;&#xE23;&#xE30;&#xE42;&#xE22;&#xE0A;&#xE19;&#xE4C;&#xE17;&#xE35;&#xE48;&#xE02;&#xE31;&#xE14;&#xE41;&#xE22;&#xE49;&#xE07;&#xE01;&#xE31;&#xE19; : &#xE0A;&#xE35;&#xE27;&#xE34;&#xE15;&#xE0A;&#xE32;&#xE27;&#xE08;&#xE35;&#xE19;&#xE43;&#xE19;&#xE2A;&#xE31;&#xE07;&#xE04;&#xE21;&#xE44;&#xE17;&#xE22;&#xE08;&#xE19;&#xE16;&#xE36;&#xE07;&#xE1B;&#xE35; &#xE04;.&#xE28;. 1938 (&#xE1E;.&#xE28;. 2481) -- &#xE1A;&#xE17;&#xE17;&#xE35;&#xE48; 8 &#xE27;&#xE34;&#xE01;&#xE24;&#xE15;&#xE34;&#xE01;&#xE32;&#xE23;&#xE13;&#xE4C; &#xE2A;&#xE07;&#xE04;&#xE23;&#xE32;&#xE21; &#xE41;&#xE25;&#xE30;&#xE01;&#xE32;&#xE23;&#xE1C;&#xE48;&#xE2D;&#xE19;&#xE1B;&#xE23;&#xE19; : &#xE2A;&#xE07;&#xE04;&#xE23;&#xE32;&#xE21;&#xE42;&#xE25;&#xE01;&#xE04;&#xE23;&#xE31;&#xE49;&#xE07;&#xE17;&#xE35;&#xE48; 2 &#xE41;&#xE25;&#xE30;&#xE1C;&#xE25;&#xE17;&#xE35;&#xE48;&#xE15;&#xE32;&#xE21;&#xE21;&#xE32;&#xE20;&#xE32;&#xE22;&#xE2B;&#xE25;&#xE31;&#xE07; -- &#xE1A;&#xE17;&#xE17;&#xE35;&#xE48; 9 &#xE01;&#xE32;&#xE23;&#xE1B;&#xE23;&#xE32;&#xE1A;&#xE1B;&#xE23;&#xE32;&#xE21;&#xE41;&#xE25;&#xE30;&#xE01;&#xE32;&#xE23;&#xE01;&#xE25;&#xE31;&#xE1A;&#xE1E;&#xE34;&#xE08;&#xE32;&#xE23;&#xE13;&#xE32;&#xE43;&#xE2B;&#xE21;&#xE48; : &#xE04;&#xE19;&#xE08;&#xE35;&#xE19;&#xE2A;&#xE21;&#xE31;&#xE22;&#xE08;&#xE2D;&#xE21;&#xE1E;&#xE25; &#xE1B;. &#xE1E;&#xE34;&#xE1A;&#xE39;&#xE25;&#xE2A;&#xE07;&#xE04;&#xE23;&#xE32;&#xE21; &#xE2A;&#xE21;&#xE31;&#xE22;&#xE17;&#xE35;&#xE48; 2 &#xE1B;&#xE35; &#xE04;.&#xE28;. 1948-1956 (&#xE1E;.&#xE28;. 2491-2499).</subfield>
  </datafield>
  <datafield tag="650" ind1=" " ind2="4">
    <subfield code="9">5862</subfield>
    <subfield code="a">&#xE0A;&#xE32;&#xE27;&#xE08;&#xE35;&#xE19;</subfield>
    <subfield code="z">&#xE44;&#xE17;&#xE22;</subfield>
  </datafield>
  <datafield tag="650" ind1=" " ind2="4">
    <subfield code="9">16587</subfield>
    <subfield code="a">&#xE0A;&#xE19;&#xE01;&#xE25;&#xE38;&#xE48;&#xE21;&#xE19;&#xE49;&#xE2D;&#xE22;</subfield>
  </datafield>
  <datafield tag="650" ind1=" " ind2="4">
    <subfield code="9">58545</subfield>
    <subfield code="a">&#xE04;&#xE19;&#xE15;&#xE48;&#xE32;&#xE07;&#xE14;&#xE49;&#xE32;&#xE27;  </subfield>
    <subfield code="z">&#xE44;&#xE17;&#xE22;</subfield>
  </datafield>
  <datafield tag="651" ind1=" " ind2="4">
    <subfield code="9">16827</subfield>
    <subfield code="a">&#xE44;&#xE17;&#xE22;</subfield>
    <subfield code="x">&#xE04;&#xE27;&#xE32;&#xE21;&#xE2A;&#xE31;&#xE21;&#xE1E;&#xE31;&#xE19;&#xE18;&#xE4C;&#xE17;&#xE32;&#xE07;&#xE40;&#xE28;&#xE23;&#xE29;&#xE10;&#xE01;&#xE34;&#xE08;&#xE01;&#xE31;&#xE1A;&#xE15;&#xE48;&#xE32;&#xE07;&#xE1B;&#xE23;&#xE30;&#xE40;&#xE17;&#xE28; </subfield>
    <subfield code="z">&#xE08;&#xE35;&#xE19;</subfield>
  </datafield>
  <datafield tag="700" ind1="1" ind2=" ">
    <subfield code="9">58546</subfield>
    <subfield code="a">Skinner, G. William</subfield>
  </datafield>
  <datafield tag="700" ind1="0" ind2=" ">
    <subfield code="9">23905</subfield>
    <subfield code="a">&#xE1E;&#xE23;&#xE23;&#xE13;&#xE35; &#xE09;&#xE31;&#xE15;&#xE23;&#xE1E;&#xE25;&#xE23;&#xE31;&#xE01;&#xE29;&#xE4C;</subfield>
  </datafield>
  <datafield tag="700" ind1="0" ind2=" ">
    <subfield code="9">541</subfield>
    <subfield code="a">&#xE0A;&#xE32;&#xE0D;&#xE27;&#xE34;&#xE17;&#xE22;&#xE4C; &#xE40;&#xE01;&#xE29;&#xE15;&#xE23;&#xE28;&#xE34;&#xE23;&#xE34;</subfield>
  </datafield>
  <datafield tag="850" ind1=" " ind2=" ">
    <subfield code="a">NALT</subfield>
  </datafield>
  <datafield tag="942" ind1=" " ind2=" ">
    <subfield code="2">lcc</subfield>
    <subfield code="c">GB</subfield>
  </datafield>
  <datafield tag="998" ind1=" " ind2=" ">
    <subfield code="a">phon</subfield>
    <subfield code="b">phon</subfield>
    <subfield code="c">phon</subfield>
    <subfield code="j">111</subfield>
    <subfield code="k"> &#xE19;&#xE32;&#xE07;&#xE2A;&#xE32;&#xE27;&#xE1E;&#xE08;&#xE1E;&#xE34;&#xE13;  &#xE1E;&#xE23;&#xE21;&#xE40;&#xE2D;&#xE35;&#xE48;&#xE22;&#xE21;</subfield>
  </datafield>
  <datafield tag="999" ind1=" " ind2=" ">
    <subfield code="c">100283</subfield>
    <subfield code="d">100283</subfield>
  </datafield>
  <datafield tag="952" ind1=" " ind2=" ">
    <subfield code="0">0</subfield>
    <subfield code="1">0</subfield>
    <subfield code="2">lcc</subfield>
    <subfield code="4">0</subfield>
    <subfield code="7">0</subfield>
    <subfield code="8">CGBL</subfield>
    <subfield code="a">NALT</subfield>
    <subfield code="b">NALT</subfield>
    <subfield code="c">GEN</subfield>
    <subfield code="d">2022-06-02</subfield>
    <subfield code="e">20</subfield>
    <subfield code="l">1</subfield>
    <subfield code="m">1</subfield>
    <subfield code="o">DS 570.C5 &#xE2A;125&#xE2A; 2564</subfield>
    <subfield code="p">3961212784</subfield>
    <subfield code="r">2022-12-26 00:00:00</subfield>
    <subfield code="s">2022-12-09</subfield>
    <subfield code="t">&#xE09;.1</subfield>
    <subfield code="w">2022-06-02</subfield>
    <subfield code="y">GB</subfield>
  </datafield>
  <datafield tag="952" ind1=" " ind2=" ">
    <subfield code="0">0</subfield>
    <subfield code="1">0</subfield>
    <subfield code="2">lcc</subfield>
    <subfield code="4">0</subfield>
    <subfield code="7">0</subfield>
    <subfield code="8">CGBL</subfield>
    <subfield code="a">NALT</subfield>
    <subfield code="b">NALT</subfield>
    <subfield code="c">GEN</subfield>
    <subfield code="d">2022-06-02</subfield>
    <subfield code="e">20</subfield>
    <subfield code="l">2</subfield>
    <subfield code="m">2</subfield>
    <subfield code="o">DS 570.C5 &#xE2A;125&#xE2A; 2564</subfield>
    <subfield code="p">3961212843</subfield>
    <subfield code="r">2025-11-19 00:00:00</subfield>
    <subfield code="s">2025-11-05</subfield>
    <subfield code="t">&#xE09;.2</subfield>
    <subfield code="w">2022-06-02</subfield>
    <subfield code="y">GB</subfield>
  </datafield>
</record>
